| 000 | 00760nam a22001577a 4500 | ||
|---|---|---|---|
| 003 | OSt | ||
| 005 | 20151003145033.0 | ||
| 008 | 151003b xxu||||| |||| 00| 0 eng d | ||
| 040 | _cRUA | ||
| 082 | _aAVM BUN 1993 B073 Or.1 | ||
| 100 |
_91910 _aBUN SIDOEUN |
||
| 245 | _aEffect of artificial insemination on isa brown by utilization of mixed semen between sampov and hubbard breed, (ប្រសិទ្ធភាពនៃការបង្កាត់សិប្បនិម្មិតទៅលើមាន់ ISA BROWON ដោយប្រើប្រាស់ទឹកកាមលាយរវាងពូជមាន់សំពៅ និង ពូជHUBBARD) | ||
| 260 |
_aphnom penh _bRUA _c1993 |
||
| 300 |
_avii, 37p. _bill. _c29cm. |
||
| 942 |
_2ddc _cAVM |
||
| 999 |
_c1806 _d1806 |
||